Fundamentals of biomechanics / (Record no. 33200)

000 -LEADER
fixed length control field 00913cam a22002894a 4500
001 - CONTROL NUMBER
control field 14778882
003 - CONTROL NUMBER IDENTIFIER
control field OSt
005 - DATE AND TIME OF LATEST TRANSACTION
control field 20220107121252.0
008 - FIXED-LENGTH DATA ELEMENTS--GENERAL INFORMATION
fixed length control field 070322s2007 nyua b 001 0 eng
010 ## - LIBRARY OF CONGRESS CONTROL NUMBER
LC control number 2007925371
020 ## - INTERNATIONAL STANDARD BOOK NUMBER
International Standard Book Number 9780387493114 (hardcover : alk. paper)
038 ## - RECORD CONTENT LICENSOR
Staff Name khadija
040 ## - CATALOGING SOURCE
Original cataloging agency DLC
Transcribing agency DLC
Modifying agency DLC
050 00 - LIBRARY OF CONGRESS CALL NUMBER
Classification number QP303
Item number .K588 2007
082 00 - DEWEY DECIMAL CLASSIFICATION NUMBER
Classification number 612.76
Edition number 22
Author Mark KNU
100 1# - MAIN ENTRY--PERSONAL NAME
Personal name Knudson, Duane V.,
Dates associated with a name 1961-
9 (RLIN) 87474
245 10 - TITLE STATEMENT
Title Fundamentals of biomechanics /
Statement of responsibility, etc. Duane Knudson.
250 ## - EDITION STATEMENT
Edition statement 2nd ed.
260 ## - PUBLICATION, DISTRIBUTION, ETC.
Place of publication, distribution, etc. New York, NY :
Name of publisher, distributor, etc. Springer,
Date of publication, distribution, etc. c2007.
300 ## - PHYSICAL DESCRIPTION
Extent xi, 319 p. :
Other physical details ill. ;
Dimensions 26 cm. +
Accompanying material 1 CD-ROM (4 3/4 in.).
504 ## - BIBLIOGRAPHY, ETC. NOTE
Bibliography, etc. note Includes bibliographical references (p. 257-282) and index.
563 ## - BINDING INFORMATION
Binding note HB
650 #0 - SUBJECT ADDED ENTRY--TOPICAL TERM
Topical term or geographic name entry element Biomechanics.
9 (RLIN) 87475
906 ## - LOCAL DATA ELEMENT F, LDF (RLIN)
a 7
b cbc
c orignew
d 2
e epcn
f 20
g y-gencatlg
942 ## - ADDED ENTRY ELEMENTS (KOHA)
Source of classification or shelving scheme
Koha item type Book
Holdings
Withdrawn status Lost status Source of classification or shelving scheme Damaged status Not for loan Permanent Location Current Location Shelving location Date acquired Full call number Barcode Date last seen Price effective from Koha item type
          School of Mechanical & Manufacturing Engineering (SMME) School of Mechanical & Manufacturing Engineering (SMME) Text Books 01/05/2016 612.76 KNU SMME-2361 04/03/2018 01/05/2016 Book
© 2023 Central Library, National University of Sciences and Technology. All Rights Reserved.